000 01113cam a22003257a 4500
003 CHAP
005 20220329142651.0
008 010920d2001 mx r 00110 spa d
010 _a86238
011 _a87210
035 _a97752
040 _cCHAP
090 _aTesis
100 0 0 _aRodríguez Pérez, Marcela.
_998795
245 1 0 _aConservación de setas (Pleurotus ostreatus) utilizando atmósferas modificadas pasivas
_c/por Marcela Rodríguez Pérez
260 _aIrapuato, Gto. :
_bEl autor,
_c1998.
300 _a72 h.
502 _aTesis (Ing. en Alimentos) -- Universidad de Guanajuato. Instituto de Ciencias Agrícolas
590 _aALEPH
_b10
_c20130110
_lUCH01
_h1449
590 _aBATCH-UPD
_b10
_c20130110
_lUCH01
_h0733
590 _aBATCH-UPD
_b10
_c20130410
_lUCH01
_h0416
590 _aBATCH-UPD
_b10
_c20130914
_lUCH01
_h1921
590 _aCONVERSION
_b10
_c20130109
_lUCH01
_h1348
650 1 4 _aPleurotus ostreatus.
_989176
650 1 4 _aSetas.
_9105368
901 _aBK
905 _aAlejandra Carrasco M.
942 _cTESIS
949 _aTesis
_bBC
_cTES
_d33724000877841
_eTS1
_h39956
_i97752
_sb
999 _c86238
_d86238